000 00628nam a2200205Ia 4500
005 20260121110146.0
008 008 260114s9999 xx 000 0 hin d
020 _a9788132356318
037 _aEBOOK
040 _aCRL
_bhin
_cCRL
041 _ahin
_2hin
084 _qCRL
100 _aकेसरी प्रसाद / Kesari Prasad
_9942763
245 0 _aहिन्दी काव्य / Hindi Kavya
260 _bभाषा प्रकाशन / Bhasha Prakashan
_c2021
856 _uhttps://bhashaprakashan.com/product-details/378768
942 _cEBOOK
999 _c1534428
_d1534428